Statistics for Currencies Used in the Most Countries

Click here to take the quiz!

General Stats

  • This quiz has been taken 109 times
    (107 since last reset)
  • The average score is 11 of 18

Answer Stats

#CountriesCurrency% Correct
25Mostly European Union countriesEuro
100%
35United States, Australia, Canada...Dollar
97%
8Argentina, Mexico, Chile, Philippines...Peso
97%
5UK, Egypt, Lebanon, Syria and SudanPound
93%
22Switzerland, Mali, Senegal...Franc
91%
8India, Pakistan, Indonesia...Rupee
85%
5Czech Republic, Nordic countriesCrown
80%
2Belarus, RussiaRuble
79%
8Algeria, Iraq, Serbia, Libya...Dinar
74%
5Iran, Qatar, Oman, Yemen, Saudi ArabiaRiyal
60%
2North Korea, South KoreaWon
57%
2Brazil, CambodiaReal
56%
4Kenya, Somalia, Tanzania, UgandaShilling
52%
2Morocco, United Arab EmiratesDirham
37%
2Moldova, RomaniaLeu
32%
2Kyrgyzstan, UzbekistanSom
24%
2Malawi, ZambiaKwacha
18%
2Azerbaijan, TurkmenistanManat
17%

Score Distribution

Percentile by Number Answered

Percent of People with Each Score

Your Score History

You have not taken this quiz since the last reset